000 00449nam a2200145Ia 4500
003 OSt
005 20260202095741.0
008 211028s2018 xx 000 0 und d
040 _cAIMIT LIBRARY
041 _aeng
100 _aMonteiro, Vinay; Rose, Swapna.
_g1616221
_97973
245 _aInfluence of quality on consumer buying behavior with special references to chicken products /
260 _aMangalore
_bSwapna Rose.
_c2018
942 _2ddc
_cPRO
999 _c219541
_d219541